Loading...
Welding thermal processes and weld pool behaviors
| Hovedforfatter: | |
|---|---|
| Format: | Printed Book |
| Sprog: | English |
| Udgivet: |
London
C R C press
2011
|
| Fag: |
| LEADER | 00518nam a22001697a 4500 | ||
|---|---|---|---|
| 003 | OSt | ||
| 008 | 110914t xxu||||| |||| 00| 0 eng d | ||
| 020 | |a 9787111219620 | ||
| 082 | |a 621.791 |b WU | ||
| 100 | |a Wu, Chuan Song |9 403 | ||
| 245 | |a Welding thermal processes and weld pool behaviors | ||
| 260 | |a London |b C R C press |c 2011 | ||
| 300 | |a xiv,429p. | ||
| 653 | |a Welding | ||
| 942 | |c BK |6 _ | ||
| 999 | |c 144640 |d 144640 | ||
| 952 | |0 0 |1 0 |4 0 |6 621791_WU |7 0 |9 184547 |a DST |b DST |d 2011-09-14 |o 621.791 WU |p DST09267 |r 2013-06-19 |w 2013-06-19 |y BK | ||